| 000 | 01133nam a22003257a 4500 | ||
|---|---|---|---|
| 003 | CHAP | ||
| 005 | 20220329133911.0 | ||
| 008 | 971013s1962 r 00010 d | ||
| 010 | _a12472 | ||
| 011 | _a13444 | ||
| 035 | _a17515 | ||
| 040 | _cCHAP | ||
| 090 | _aFolleto 687 | ||
| 100 | 0 | 0 |
_aGiménez Landínez, Víctor Manuel. _948070 |
| 245 | _aDerecho agrario y tenencia de la tierra | ||
| 260 |
_aCaracas : _bMinisterio de Agricultura y Cría, _c1962 |
||
| 300 | _a26 p. | ||
| 490 |
_aMinisterio de Agricultura y Cría. Colección de estudios agrarios _v; 10 |
||
| 590 |
_aBATCH-UPD _b10 _c20130110 _lUCH01 _h0333 |
||
| 590 |
_aBATCH-UPD _b10 _c20130110 _lUCH01 _h2314 |
||
| 590 |
_aBATCH-UPD _b10 _c20130410 _lUCH01 _h0006 |
||
| 590 |
_aBATCH-UPD _b10 _c20130410 _lUCH01 _h1605 |
||
| 590 |
_aBATCH-UPD _b10 _c20130914 _lUCH01 _h1820 |
||
| 590 |
_aCONVERSION _b10 _c20130109 _lUCH01 _h1308 |
||
| 650 | 1 | 4 |
_aTierras _xTenencia _xVenezuela. _9113208 |
| 830 | 0 |
_aMinisterio de Agricultura y Cría. Colección de estudios agrarios _v; 10 _975963 |
|
| 901 | _aBK | ||
| 942 | _cFOLL | ||
| 949 |
_aFolleto 687 _bBC _cFOLL _d-41299 _eTS1 _i17515 _si |
||
| 999 |
_c12472 _d12472 |
||